000 00429nam a22001697a 4500
003 NUST - PNEC
005 20170116181108.0
008 151003b xxu||||| |||| 00| 0 eng d
020 _a0820602922
040 _cLIBRARY
082 _a667.90212 ASH
100 _912744
_aAsh, Michael
245 _aA formulary of paints and other coatings.
_cIrene Ash
260 _cc.1982
650 _912748
_aCoatings
_xIME
942 _2ddc
_cBK
999 _c69008
_d69008